Ciencia y filosofía en la antigüedad

Saved in:
Bibliografiske detaljer
Hovedforfatter: Farrington, Benjamin (Author)
Format: Bog
Sprog:spansk
Udgivet: Barcelona Ariel 1977
Udgivelse:4a. ed
Serier:Ariel quincenal
Fag:
Tags: Tilføj Tag
Ingen Tags, Vær først til at tagge denne postø!

MARC

LEADER 00000nam a2200000 a 4500
001 UCZ2566
003 CL-VaPUC
008 951005e19770000SP |||||||||||||||||spa|d
082 0 4 |a 500.9  |b FAR  |2 21 
100 |a Farrington, Benjamin  |e author  |9 334566 
245 1 0 |a Ciencia y filosofía en la antigüedad 
250 |a 4a. ed 
300 |a 225 p 
942 |c BK 
945 |d 19951005 00:00:00  |a cmena 
260 |a Barcelona  |b Ariel  |c 1977 
600 0 |a Sócrates  |9 266368 
600 0 7 |a PLATON  |2 CL-VaPUC  |9 222 
650 0 |a Ciencia  |9 255691 
650 0 |a Filosofía   |9 223554 
650 0 |a Historia  |9 255047 
650 7 |a EDAD ANTIGUA  |2 CL-VaPUC  |9 338313 
650 0 |a Filosofía antigua   |9 255705 
650 7 |a MEDICINA GRIEGA  |2 CL-VaPUC  |9 346352 
651 0 |a Egipto   |9 268199 
651 0 |a Mesopotamia  |9 314286 
583 |a last modification  |c 19951005 00:00:00  |k Rodrigo Vera 
490 0 |a Ariel quincenal 
999 |c 239141  |d 239139 
952 |0 0  |1 0  |4 0  |6 500_900000000000000_FAR_1977  |7 0  |8 A  |9 249995  |a BIBEDU  |b BIBEDU  |d 2019-11-18  |i 156823K  |l 1  |m 1  |o 500.9 FAR 1977  |p 156823K  |r 2023-09-13  |s 2023-08-29  |w 2019-11-18  |y BK  |k FIL